| 000 | 00771nam a2200229 a 4500 | ||
|---|---|---|---|
| 001 | 000023662 | ||
| 005 | 20200930022359.0 | ||
| 008 | 101216s1989 sp r 000 0 spa d | ||
| 040 |
_aDO-SdBNP _bspa _cBNPHU |
||
| 082 |
_aNNN _bB588t |
||
| 100 | 1 |
_aBienek, Horst _948747 |
|
| 240 | 1 | 0 |
_aZeit ohne glocken. _lEspañol. |
| 245 | 1 | 0 |
_aTiempo sin campanas / _cHorst Bienek ; traducido al alemán por Anton Dieterich. |
| 260 |
_aBarcelona, España : _bMuchnik Editores, _c1989. |
||
| 300 |
_a350 p. ; _c20 cm. |
||
| 490 | 1 |
_aLiteratura _v57 |
|
| 500 | _aIncluye datos biográficos del autor en la solapa de la contracubierta | ||
| 534 |
_aTítulo original _tZeit ohne glocken |
||
| 700 | 1 |
_aDieterich, Anton _etr. _948748 |
|
| 830 | 0 |
_aLiteratura _v57 _98095 |
|
| 049 | _aBNGR | ||
| 999 |
_c23158 _d23158 |
||